Max Jiménez como pintor.
Resumen: La pintura del artista costarricense Max Jiménez no es comercial, presenta una rara combinación de forma escultórica que recuerdan a Picasso y nativas influencias centroamericanas. Las figuras son distorcionadas cabezas pequeñas y enormes piernas. El color, el ritmo y una fuerza tremenda ha...
Salvato in:
| Natura: | Sconosciuto |
|---|---|
| Lingua: | Spanish |
| Soggetti: | |
| Tags: |
Aggiungi Tag
Nessun Tag, puoi essere il primo ad aggiungerne!!
|
MARC
| LEADER | 000000000a22000000004500 | ||
|---|---|---|---|
| 001 | 007883 | ||
| 041 | 0 | |a spa | |
| 245 | 0 | 0 | |a Max Jiménez como pintor. |
| 310 | |a Semestral | ||
| 500 | |a Sección Páginas Recuperadas | ||
| 520 | |a Resumen: La pintura del artista costarricense Max Jiménez no es comercial, presenta una rara combinación de forma escultórica que recuerdan a Picasso y nativas influencias centroamericanas. Las figuras son distorcionadas cabezas pequeñas y enormes piernas. El color, el ritmo y una fuerza tremenda hacen que la pintura se aleje de la influencia europea, así son las obras que exhibe en la Galería Georgette Passedoit en París. | ||
| 650 | 4 | |a JIMENEZ HUETE, MAX, (1900-1947) | |
| 650 | 4 | |a PINTURA COSTARRICENSE | |
| 650 | 4 | |a PINTORES COSTARRICENSES | |
| 650 | 4 | |a CRITICAS | |
| 773 | 0 | |d San José, Costa Rica : Editorial de la Universidad de Costa Rica |t Herencia |g volumen 8/9, número 2/1 (1996-1997), páginas 5-10 | |
| 942 | |c ARC | ||
| 999 | |c 14749 |d 14749 | ||
